| 000 | 00480nam a2200145Ia 4500 | ||
|---|---|---|---|
| 008 | 200922s9999 xx 000 0 und d | ||
| 020 | _a978-981-48-4430-7 | ||
| 100 | _aHwang, Enoch O. | ||
| 245 |
_cEnoch O. Hwang _aDigital logic and microprocessor design with interfacing/ |
||
| 250 | _a2nd ed. | ||
| 260 |
_aSingapore: _bCENGAGE _c2019 |
||
| 300 |
_axxiii, 583 pages _c23 cm. |
||
| 650 | _aLogic design -- data processing | ||
| 650 | _aMicroprocessors -- design and construction | ||
| 999 |
_c364372 _d364372 |
||